000 00880nam a22002777a 4500
001 BR7803136
003 BR-BrBNA
005 20230928085611.0
007 ta
008 230509b bl.||||| |||| 00| 0 por d
040 _aBR-BrBNA
_bpor
_cBiblioteca Nacional de Agricultura
041 _a(Por)
072 _aH20
_b2110
_b4120
_b/G514
090 _ 2110 BR7803136
100 1 _aCoutino Arrazola, A.A.
110 1 _aComissao Executiva do Plano da Lavoura Cacaueira, Belem, PA (Brasil). Depto. Especial da Amazonia
_92095
245 1 _aEnfermidades do cacaueiro (Theobroma cacao L.)que ocorrem na Amazonia Brasileira
260 3 _aBelem, PA (Brasil):
_c1978.
300 _a8 p.
500 _a(*) Documento disponível no(a) CEPLAC, Ilheus, BA (Brazil)
650 _aCACAU
650 _aFUNGO
650 _aAMAZONIA
909 _a202309
_bLucia
_c55
_dLucia Elande
942 _cBK
999 _c25309
_d25309